000 00481cam a2200193 4500
001 D8945
008 090401t1980 xxu||||| |||| 00| 0 eng d
035 _a(Sirsi) u16320
041 _aeng
050 _a692.5
110 _aDavisBelfield and Everest
_93167
245 _aSpons mechanical and electrical services price book 1981
250 _a12th
260 _aLondon
_bE & F N Spon
_c1980
300 _axiii. 488p. 22cm
350 _a15
942 _n0
948 _c04/03/1997
999 _c87414
_d87414